Currículum y programación: Diseños curriculares de aula

Αποθηκεύτηκε σε:
Λεπτομέρειες βιβλιογραφικής εγγραφής
Κύριοι συγγραφείς: Román Pérez, Martiniano (Συγγραφέας), Díez López, Eloísa (Συγγραφέας)
Μορφή: Βιβλίο
Γλώσσα:Ισπανικά
Έκδοση: Madrid Eos 1994
Θέματα:
Ετικέτες: Προσθήκη ετικέτας
Δεν υπάρχουν, Καταχωρήστε ετικέτα πρώτοι!

MARC

LEADER 00000nam a2200000 a 4500
001 UCH4639
003 CL-VaPUC
008 090827e19940000SP |||||||||||||||||spa|d
020 |a 8485851471 
082 0 4 |a 375  |b ROM  |2 21 
100 0 |a Román Pérez, Martiniano  |e author  |9 540290 
700 |a Díez López, Eloísa  |e author  |9 415327 
245 1 0 |a Currículum y programación: Diseños curriculares de aula 
300 |a 431 p 
942 |c BK 
945 |d 20090827 00:00:00  |a dcastane 
260 |a Madrid  |b Eos  |c 1994 
650 0 |a Planificación de la educación   |9 307333 
650 0 |a Curriculos  |9 343652 
650 0 |a Diseño de curriculos  |9 452659 
650 0 |a Métodos de enseñanza  |9 270413 
650 0 |a Evaluación de la educación   |9 237505 
583 |a last modification  |c 20090827 00:00:00  |k Rodrigo Vera 
999 |c 335913  |d 335911 
952 |0 0  |1 0  |4 0  |6 375_000000000000000_ROM_1994  |7 0  |8 A  |9 426765  |a BIBEDU  |b BIBEDU  |d 2019-11-22  |i 4594258  |l 3  |o 375 ROM 1994  |p 4594258  |r 2025-05-07  |s 2023-07-25  |w 2019-11-22  |y BK  |k BME